|
|
|
|
| LEADER |
00000nam0a2200000 4500 |
| 001 |
146392 |
| 005 |
20231031144605.0 |
| 010 |
|
|
|a 5853833324
|
| 035 |
|
|
|a (RuTPU)RU\TPU\book\158688
|
| 090 |
|
|
|a 146392
|
| 100 |
|
|
|a 20081029d2006 km y0rusy50 ca
|
| 101 |
0 |
|
|a rus
|
| 102 |
|
|
|a RU
|
| 105 |
|
|
|a a z 001zy
|
| 200 |
1 |
|
|a Югра - взгляд в будущее. Обзор социально-экономического развития Ханты-Мансийского автономного округа - Югры
|
| 210 |
|
|
|a Екатеринбург
|c Уральский рабочий
|d 2006
|
| 215 |
|
|
|a 384 с.
|c ил.
|
| 320 |
|
|
|a Литература: с. 378-380.
|
| 330 |
|
|
|a Книга является первым опытом сведения в одном издании основных положений Концепции социально-экономического развития Ханты-Мансийского автономного округа, различных материалов, раскрывающих природный, промышленный, человеческий потенциал Югры и возможные пути развития по реализации Концепции.
|
| 610 |
1 |
|
|a экономика
|
| 610 |
1 |
|
|a экономическая география
|
| 610 |
1 |
|
|a Сибирь
|
| 610 |
1 |
|
|a Югра
|
| 610 |
1 |
|
|a Ханты-Мансийский автономный округ
|
| 610 |
1 |
|
|a природа
|
| 610 |
1 |
|
|a экономика
|
| 610 |
1 |
|
|a культура
|
| 686 |
|
|
|a У04(2Р5)
|v LBC/SL-A
|2 rubbk
|
| 801 |
|
1 |
|a RU
|b 63413507
|c 20081029
|g PSBO
|
| 801 |
|
2 |
|a RU
|b 63413507
|c 20081106
|g PSBO
|
| 942 |
|
|
|c BK
|